Третья стража: фантастический роман
| Hlavní autor: | |
|---|---|
| Shrnutí: | Как бы то ни было, но в течение уже двух недель в подвале его дома лежал пришелец. Во всяком случае, не человек — в том, как устроены люди, Глеб Соболев, хирург с изрядным опытом, разбирался отлично. Вскроешь пациента, и никаких тебе чудес: слева — сердце, справа — печень, легкие и желудок тоже на положенных местах Конечно, за годы практики в Питере, на Кавказе и в Сплите попадались уникумы, но не настолько. В другой ситуации Глеб отвез бы его в госпиталь, показал коллегам, к такому чуду слетелись бы все мировые светила, от Штатов до Японии!.. Однако случай был не тот — пришелец, когда еще мог говорить, ясно выразил свою волю. Он шел именно к нему, Глебу, с миссией очень серьезной и ответственной, а Глеб привык уважать желания больных в части конфиденциальности. Оставалось наблюдать и ждать. Чего? Галактического контакта? Прибытия «тарелочки»? Или событий, которые не позволят Глебу просто жить дальше, после того, что с ним случилось... |
| Jazyk: | ruština |
| Vydáno: |
Москва, Эксмо, 2012
|
| Edice: | Абсолютное оружие |
| Témata: | |
| Médium: | Kniha |
| KOHA link: | https://koha.lib.tpu.ru/cgi-bin/koha/opac-detail.pl?biblionumber=237776 |
MARC
| LEADER | 00000nam0a2200000 4500 | ||
|---|---|---|---|
| 001 | 237776 | ||
| 005 | 20231101231548.0 | ||
| 010 | |a 9785699550876 | ||
| 035 | |a (RuTPU)RU\TPU\book\258951 | ||
| 035 | |a RU\TPU\book\220442 | ||
| 090 | |a 237776 | ||
| 100 | |a 20130517d2012 m y0rusy50 ca | ||
| 101 | 0 | |a rus | |
| 102 | |a RU | ||
| 105 | |a y z 000ay | ||
| 200 | 1 | |a Третья стража |e фантастический роман |f М. С. Ахманов | |
| 210 | |a Москва |c Эксмо |d 2012 | ||
| 215 | |a 415 с. | ||
| 225 | 1 | |a Абсолютное оружие | |
| 330 | |a Как бы то ни было, но в течение уже двух недель в подвале его дома лежал пришелец. Во всяком случае, не человек — в том, как устроены люди, Глеб Соболев, хирург с изрядным опытом, разбирался отлично. Вскроешь пациента, и никаких тебе чудес: слева — сердце, справа — печень, легкие и желудок тоже на положенных местах Конечно, за годы практики в Питере, на Кавказе и в Сплите попадались уникумы, но не настолько. В другой ситуации Глеб отвез бы его в госпиталь, показал коллегам, к такому чуду слетелись бы все мировые светила, от Штатов до Японии!.. Однако случай был не тот — пришелец, когда еще мог говорить, ясно выразил свою волю. Он шел именно к нему, Глебу, с миссией очень серьезной и ответственной, а Глеб привык уважать желания больных в части конфиденциальности. Оставалось наблюдать и ждать. Чего? Галактического контакта? Прибытия «тарелочки»? Или событий, которые не позволят Глебу просто жить дальше, после того, что с ним случилось... | ||
| 606 | 1 | |a Русская литература современная |2 stltpush |3 (RuTPU)RU\TPU\subj\26373 |9 50316 | |
| 610 | 1 | |a романы | |
| 610 | 1 | |a боевики | |
| 610 | 1 | |a фантастика | |
| 675 | |a Р2 |v 3 | ||
| 700 | 1 | |a Ахманов |b М. С. |g Михаил Сергеевич | |
| 801 | 1 | |a RU |b 63413507 |c 20111010 | |
| 801 | 2 | |a RU |b 63413507 |c 20130523 |g RCR | |
| 942 | |c BK | ||